| 000 | 00777nam a22002297a 4500 | ||
|---|---|---|---|
| 003 | OSt | ||
| 005 | 20240607113610.0 | ||
| 008 | 240607b ||||| |||| 00| 0 eng d | ||
| 022 | _209749101 | ||
| 040 | _cAIMIT LIBRARY | ||
| 082 |
_a330 _bEMEE |
||
| 110 |
_aEmerging Markets Forum _9169611 |
||
| 245 |
_aGlobal Journal of Emerging Market Economies / _cBy Emerging Markets Forum |
||
| 260 |
_aNew Delhi : _bSage Publication , _c2016,2017. |
||
| 300 |
_bHB _c24.3 cm. |
||
| 440 | _vVol.8 No.1-3-2016, Vol.9 No. 1-3-2017 | ||
| 440 | _vVol.7 No.1-3/2015 | ||
| 650 |
_aOverall development of countries along the belt and road _9169612 |
||
| 650 |
_aRecent threats to multilateralism _9169613 |
||
| 650 |
_aManaging the energy transition _9169614 |
||
| 942 |
_2ddc _cBV _k330 EMEE |
||
| 999 |
_c231067 _d231067 |
||